LEADER 00535oam 2200193z- 450 001 9910482883603321 010 $a1-4297-9999-4 035 $a(CKB)4560000000000671 035 $a(EXLCZ)994560000000000671 100 $a20210525c2016uuuu -u- - 101 0 $aeng 200 10$aBasic Real Analysis 210 $aEast Setauket, New York 517 $aBasic Real Analysis: Digital Second Edition 701 $aKnapp$b Anthony W$050893 906 $aBOOK 912 $a9910482883603321 996 $aBasic Real Analysis$92036608 997 $aUNINA